000 00285nam a22001337a 4500
008 181218b xxu||||| |||| 00| 0 eng d
020 _a0316285463
041 _aeng
080 _a616.5
100 _a7
101 _aDER
245 _aClear Skin
_cFlandermeyer, K.L
942 _2udc
_cBK
999 _c53392
_d53392